Leap Movie Quotes Quiz Stats

 Plays Quiz not verified by Sporcle

Support Sporcle.
Go Orange.
Score 0/30 Timer 12:00
0 Plays Today
% Correct
Monty Python and the Holy Grail
55.2%
Joe Versus the Volcano
46.8%
X-Men
29.8%
Annie
29.4%
Indiana Jones and the Last Crusade
27.6%
Witness for the Prosecution
27.6%
Being John Malkovich
26.4%
The Birdcage
25.8%
The Hitchhiker's Guide to the Galaxy
25.6%
A Few Good Men
24.6%
Blazing Saddles
23.2%
Dogma
22.7%
The Exorcist
22.2%
Kung Pow! Enter the Fist
21.5%
Bridget Jones's Diary
21%
% Correct
Footloose
19.9%
Double Indemnity
18.7%
Tangled
17.5%
The Lion King
17.2%
Space Jam
16%
Sweeney Todd: The Demon Barber of Fleet Street
15.4%
The Dark Knight Rises
13.5%
Catch Me If You Can
13.4%
Harold & Kumar Go to White Castle
13%
Awakenings
12.7%
Forgetting Sarah Marshall
10.8%
Kate & Leopold
9.9%
Star Trek (2009)
8.2%
Kiss Kiss Bang Bang
7.7%
Hitch
7.6%

You're not logged in!

Compare scores with friends on all Sporcle quizzes.
OR
Log In

From the Vault

Actor Battle of the Ages

by metashades

Youth is in the eye of the casting director.
Remove Ads.
Support Sporcle.
Get the best of Sporcle when you Go Orange. This ad-free experience offers more features, more stats, and more fun while also helping to support Sporcle. Thank you for becoming a member.

Show Comments

Extras

Top Quizzes Today


Score Distribution

Your Account Isn't Verified!

In order to create a playlist on Sporcle, you need to verify the email address you used during registration. Go to your Sporcle Settings to finish the process.

Report this User

Report this user for behavior that violates our Community Guidelines.

Details: